IEP Lyon - Droit Constitutionnel (5) - Statistiques

Statistiques générales
  • Ce quiz a été pris 50 fois
  • Le résultat moyen est 10 sur 20
Statistiques - réponses
Hint Réponse % Correct
En 2000, le mandat présidentiel passe à ...ans 5
85%
La réforme de 1974 renforce la place du conseil ... (peut être saisi par un nombre donné de parlementaires) constitutionnel
82%
En 2005 la charte de l'... est ajoutée au bloc de constitutionnalité environnement
82%
La révision constitutionnelle du 23 juillet ... instaure la Question Prioritaire de Constitutionnalité (article 61-1 : droit à tout justiciable de contester l’application qui porte atteinte à un droit ou à une liberté garantie par la Constitution) 2008
79%
13 mai 1958 : un ... militaire a lieu à Alger putsch
76%
La pensée de De Gaulle est souvent associée à son discours de ... en 1946 : pouvoir exécutif fort, chef de l'Etat au-dessus des institutions Bayeux
67%
D'après cette loi, la révision constitutionnelle doit être présentée à un comité consultatif constitutionnel (environ 60 députés et sénateur) et au Conseil d'Etat avant une ratification par ... referendum
55%
En quelle année l'abolition de la peine de mort est-elle inscrite dans la Constitution ? 2007
45%
Avec la loi du 3 juin 1958 qui apporte des changements à l'article .. de la Constitution de 1946, la procédure de révision de la Constitution est modifiée 90
42%
De Gaulle est élu président le 21 décembre 1958 avec 80% des voix dans un ... électoral de 80k électeurs puis nomme Michel Debré comme 1er ministre collège
42%
Pour renforcer la place de l’Union européenne : révision de ... en rapport avec le traité de Maastricht. Puis révision en 1999 en parallèle du traité d’Amsterdam, en 2003 et en 2005 puis 2008. 1992
39%
L'opposition vient de figures comme .... qui dénoncent "le retour du pouvoir personnel" (plusieurs possibilités, écrire un nom) Mitterand / Mendès-France / PCF
39%
On a des révisions qui renforcent la ... du régime : 1962 suffrage universel direct pour élire le président, 2000 inversion du calendrier électoral qui renforce le fait majoritaire, 2007 irresponsabilité du chef de l'Etat présidentialisation
39%
Chronologie : - campagne pour promouvoir la nouvelle Constitution (4 septembre 1958 place de la République mise en scène notamment) - 28 septembre 1958 : referendum avec ...% de oui 75
36%
Pendant la période transitoire (4 mois après le 4 octobre 1958) : importance des ... prévues à l'article 92, qui permettent à l'exécutif de légiférer sans passer par le Parlement ordonnances
33%
Depuis 1958 la constitution a été modifiée 25 fois (avec l'article 89). A l'origine elle comportait .. articles pour 108 aujourd'hui et seule une trentaine d'article n'ont pas été modifiés du tout. 92
27%
De plus, cette loi énonce des ... qui doivent être respectées par la future Constitution :"peuple à la source", séparation des pouvoirs, autorité judiciaire doit être indépendante, forme parlementaire, association avec les peuples des colonies. conditions
27%
Révisions pour favoriser la démocratie directe : en ... les sujets de referendum sont élargis et la révision de 2008 crée le référendum d'initiative partagée 1995
24%
Pour renforcer la ... (spécialement Outre-Mer) : révision de 2003 sur les collectivités territoriales et révision de 1998 qui reconnait un nouveau statut à la Nouvelle-Calédonie. décentralisation
21%
En 1989, on a des révisions en matière de ... dans les élections puis en 2008 cela est étendu aux domaines professionnels. parité
15%
Aucun quiz correspondant
Distribution des résultats
% des personnes avec chaque résultat
Percentile par nombre de réponses
Votre historique - résultats
Vous n’avez pas pris ce quiz